• 首页
  • 本馆介绍
  • 公告通知
  • 最新文献
  • 馆藏检索
  • 电子资源
  • 读者导购
  • 参考咨询
  • 我的图书馆
  • 登录
  • 详细信息显示
  • 放入我的书架
  • 预约/预借图书
  • 作者相关作品
  • 分类相关作品
  • 丛书相关作品
  • 出版社相关作品

书目信息

  • 表格格式
  • 工作单格式
  • 卡片格式
题名:
紫霞剑
    
 
作者: 程慧琨 , 吴彬 编
分册:  
出版信息: 北京   人民体育出版社  1982
页数: 58页
开本: 19cm
丛书名:
单 册:
中图分类: G852.2
科图分类:
主题词: 剑术(武术)--中国 , 民族形式体育 , 武术
电子资源:
ISBN:
000 00686nam0 2200265 45
001 0182001983
005 20060816170015.14
010    @dCNY0.19
091    @a7015.2012
100    @a19950413d1982 em y0chiy0121 ea
101 0  @achi
102    @aCN@b110000
105    @ay z 000yy
200 10 @a紫霞剑@Azi xia jian@f吴彬,程慧琨编
210    @a北京@c人民体育出版社@d1982
215    @a58页@d19cm
606    @a剑术(武术)@y中国
606 0  @a民族形式体育
606 0  @a武术
690    @aG852.2
701  0 @a程慧琨@Acheng hui kun@4编
701  0 @a吴彬@Awu bin@4编
801  2 @aCN@bNLC@c20060816
801  0 @aCN@b上海图书馆@c20040506
905    @f1@b72291@f3@b72287-289@dG852.2@e2
    
    紫霞剑/吴彬,程慧琨编.-北京:人民体育出版社,1982
    58页;19cm
    
    
    ISBN :CNY0.19
    
●
相关链接 在E读中查询图书 在五车中查询图书 在当当中查询图书 在豆瓣中查询图书


正题名:紫霞剑     索取号:G852.2/2         预约/预借

序号 登录号 条形码 馆藏地/架位号 状态 备注
1 0072287   000303157   第一样本阅览室/ [索取号:G852.2/2] 在馆    
2 0072288   000303139   密集书库/ [索取号:G852.2/2] 在馆    
3 0072289   000303184   密集书库/ [索取号:G852.2/2] 在馆    
4 0072291   000303148   密集书库/ [索取号:G852.2/2] 在馆    
5 0465083   204650831   密集书库/ [索取号:G852.2/2] 在馆    
唐山师范学院图书馆 欢迎您!
大连网信软件有限公司© 版权所有